Representación parlamentaria en la Costa Rica de hoy /
El autor plantea el tema de la adecuada representación de las minorías en el Parlamento, para lo cual propone una serie de alternativas y modificaciones a las reglas que han normado la escogencia de quienes nos gobiernan. Inicia el análisis con una reflexión teórica del principio de la representació...
שמור ב:
| מחבר ראשי: | |
|---|---|
| פורמט: | Texto |
| שפה: | Spanish |
| יצא לאור: |
San José, Costa Rica
Editorial de la Universidad de Costa Rica
2001
|
| נושאים: | |
| תגים: |
הוספת תג
אין תגיות, היה/י הראשונ/ה לתייג את הרשומה!
|
MARC
| LEADER | 00000 a a2200000 04500 | ||
|---|---|---|---|
| 001 | 47790 | ||
| 003 | cru CIDCACS/IIS | ||
| 005 | 20190109172231.0 | ||
| 008 | 190109b2001 CR ||||| |||| 00| 0 spa d | ||
| 999 | |c 32877 |d 32877 | ||
| 020 | |a 9977676631 | ||
| 040 | |c cru CIDCACS/IIS | ||
| 090 | |a 04.04.02 R875d | ||
| 100 | |a Fernández González, Oscar | ||
| 245 | |a Representación parlamentaria en la Costa Rica de hoy / |c Oscar Fernández González | ||
| 260 | |a San José, Costa Rica |b Editorial de la Universidad de Costa Rica |c 2001 | ||
| 300 | |a páginas 559-574 | ||
| 520 | |a El autor plantea el tema de la adecuada representación de las minorías en el Parlamento, para lo cual propone una serie de alternativas y modificaciones a las reglas que han normado la escogencia de quienes nos gobiernan. Inicia el análisis con una reflexión teórica del principio de la representación proporcional que orienta la propuesta y ha dado lugar a un prolongado e interminable debate en el campo del pensamiento político. REV/LCL | ||
| 650 | |a DEMOCRACIA | ||
| 650 | |a REFORMA CONSTITUCIONAL | ||
| 650 | |a GRUPOS DE INTERESES | ||
| 650 | |a ASAMBLEA LEGISLATIVA | ||
| 650 | |a GRUPOS MINORITARIOS | ||
| 773 | |g Parte VI., páginas 559-574 | ||
| 942 | |2 ddc |c LI | ||
| 773 | 0 | |0 14589 |9 2580 |a Rovira Mas, Jorge |d San José: Editorial de la Universidad de Costa Rica |o 12632 |t La Democracia de Costa Rica ante el siglo XXI / |w (cru CIDCACS/IIS)29836 |z 9977676631 | |



